000
00332nam a2200145Ia 4500
008
150201s2008 xx 000 0 und d
082
_a
612.015
_b
B08H
100
_a
LAL, HARBANS
245
_a
TB. OF BIOCHEMISTRY
250
_a
1ST
260
_b
CBS
_a
DELHI
_c
2008
300
_a
1-499
650
_a
BIOCHEMISTRY
942
_2
ddc
_c
BK
_0
143
999
_c
276
_d
276